000 01214nam2a2200241 4500
001 RU\NLR\bibl\818152
005 20250614134843.0
035 _a(NLR Aleph) 000807079
090 _a1217613
_c1217613
100 _a20050711d2005 |||y0rusy50 ca
101 0 _arus
102 _aRU
105 _ay |||||||||
200 0 _aВып. 2
210 _d2005
_aБ. м.
215 _a230 с.
309 _aЭкз. N 026
461 0 _1001RU\NLR\bibl\862677
_12001#$aВозрастно-половой состав населения Ленинградской области$vВып. 2
_91482039
_cСанкт-Петербург
_d2005
_e[Офиц. изд.]
_fФедер. служба гос. статистики, Террит. орган ФСГС по г. Санкт-Петербургу и Ленингр. обл. (Петростат)
_nПетростат
_oитоги Всероссийской переписи населения 2002 года : статистический сборник
_tВозрастно-половой состав населения Ленинградской области
_vВып. 2
801 0 _aRU
_bNLR
_c20050711
_grcr
801 1 _aRU
_bNLR
_c20050711
942 _cBOOK
980 _aNB